Normal view
MARC view
- تاليف وحدة البحث العلمي بإدارة الإفتاء / الكويت
Entry Personal Name
001 - CONTROL NUMBER
- control field: 43693
003 - CONTROL NUMBER IDENTIFIER
- control field: JO-AjAnu
005 - DATE AND TIME OF LATEST TRANSACTION
- control field: 20230606081235.0
008 - FIXED-LENGTH DATA ELEMENTS
- fixed length control field: 230606|| aca||aabn | a|a d
040 ## - CATALOGING SOURCE
- Original cataloging agency: JO-AjAnu
- Transcribing agency: JO-AjAnu
100 ## - HEADING--PERSONAL NAME
- Personal name: تاليف وحدة البحث العلمي بإدارة الإفتاء / الكويت
670 ## - SOURCE DATA FOUND
- Source citation: Work cat.: (JO-AjAnu)22370: تاليف وحدة البحث العلمي بإدارة الإفتاء / الكويت, author, التسهيل في فقة العبادات على مذهب الإمام أحمد بن حنبل